| 000 | 00586nam a2200169Ia 4500 | ||
|---|---|---|---|
| 008 | 090201s9999 xx 000 0 und d | ||
| 010 | _aKPL-9161 | ||
| 040 | _bमराठी | ||
| 041 | _aमराठी | ||
| 082 |
_a40368 _b9161 |
||
| 100 | _aभाऊ पाध्ये | ||
| 245 |
_aबॅ अनिरुध्द धोषेश्वरकर _cभाऊ पाध्ये |
||
| 260 |
_c2004 _bपॉप्युलर प्रकाशन |
||
| 300 |
_a132 _bमोठा |
||
| 600 | _aबॅ अनिरुध्द धोषेश्वरकर | ||
| 942 | _cBOOK | ||
| 999 |
_c237627 _d237627 |
||